Komunálny odpad a jeho triedenie (dotazník)

Riešenie projektu VEGA 1/0582/17: Modelovanie ekonomickej efektívnosti materiálovo energetického zhodnocovania komunálnych odpadov na Podnikovohospodárskej fakulte Ekonomickej univerzity v Bratislave so sídlom v Košiciach. Požiadavka o spoluprácu pri vypĺňaní dotazníka, ktorého údaje budú podkladom...

Descripción completa

Guardado en:
Detalles Bibliográficos
Autor principal: Stričík, Michal, 1969-
Otros Autores: Čonková, Monika, 1976-
Formato: Capítulo de libro
Lenguaje:eslovaco
Materias:
Etiquetas: Agregar Etiqueta
Sin Etiquetas, Sea el primero en etiquetar este registro!

MARC

LEADER 00000naa a2200000 4500
001 0243885
005 20240502073942.0
041 0 |a slo 
044 |a SK 
245 1 0 |a Komunálny odpad a jeho triedenie (dotazník)  |c Michal Stričík, Monika Čonková 
520 |a Riešenie projektu VEGA 1/0582/17: Modelovanie ekonomickej efektívnosti materiálovo energetického zhodnocovania komunálnych odpadov na Podnikovohospodárskej fakulte Ekonomickej univerzity v Bratislave so sídlom v Košiciach. Požiadavka o spoluprácu pri vypĺňaní dotazníka, ktorého údaje budú podkladom pri analýze a príprave návrhov na zlepšenie v oblasti nakladania s komunálnym odpadom v SR. 
610 2 0 |a projekty 
610 2 0 |a univerzity 
610 2 0 |a fakulty 
610 2 0 |a odpad komunálny 
610 2 0 |a dotazníky 
100 1 |a Stričík, Michal, 1969- 
700 1 |a Čonková, Monika, 1976-